000 01932nam a2200289Ia 4500
003 OSt
005 20210521112114.0
008 210310s1998 c gr 000 0ds d
020 _a9583600555
040 _aCO-JMCR
_cCO-JMCR
041 0 _aspa
082 0 4 _a338.1/
_bM149c
_223
100 1 _aMachado, Absalón,
_915851
_eautor
245 1 3 _aLa cuestión agraria en Colombia a fines del milenio /
_cAbsalón Machado
250 _aPrimera edición
260 _aBogotá :
_bEl Áncora,
_c1998
300 _a222 páginas ;
_c23 cm.
500 _aIncluye notas a pie de página y datos biográficos del autor.
504 _aBibliografía: páginas [219]-222
505 0 _aElementos y facetas de la cuestión agraria y rural -- La tenencia de la tierra rural en Colombia -- La reforma agraria y el mercado de tierras -- La pequeña propiedad rural y sus alternativas
520 3 _aAl acercarse el fin de este milenio, los colombianos, su clase dirigente y el Estado mismo no pueden sentirse libres de culpa sobre lo sucedido en el sector rural. Los problemas de pobreza, violencia, concentración de la propiedad y destrucción de los recursos naturales; el uso irracional del suelo, el agotamiento de las fuentes de agua en las vertientes y su contaminación en las zonas planas; el permanente éxodo rural sin un sustento en un desarrollo industrial dinámico; la minifundización, el fracaso de la reforma agraria, la debilidad del Ministerio de Agricultura y el creciente desasociego social, unido a las dificultades que tienen los productores para competir en el mercado, son algunos de los temas que preocupan a un país lleno de vitalidad y ansias de desarrollo y de cambio.
650 1 4 _aPolítica agrícola
_915853
_zColombia
650 2 4 _aAgricultura
_xAspectos económicos
_zColombia
_97065
650 2 4 _aReforma agraria
_zColombia
_913644
650 2 4 _aTenencia de la tierra
_zColombia
_937760
942 _2ddc
_cBK
999 _c7931
_d7931